Troubling Trifectas Quiz Stats

Quiz Updated Jan 20, 2017

Challenge
Share
Tweet
Score 0/30 Timer 05:00
122 Plays Today
% Correct
Tic
97.9%
Knife
97.3%
Electrons
97.2%
Rock
96.9%
USA
96.8%
Past
96.6%
Ford
96.6%
Bacon
96.2%
Length
96%
Good
96.1%
Uno
95.9%
Red
95.4%
Executive
94.8%
Snap
94.7%
Reading
94.6%
% Correct
Zeus
93.1%
Huey
92.8%
Igneous
92.8%
Harry
91.8%
Hop
91.7%
Alvin
91.7%
Brains
91.3%
Shake
91%
Ready
90.6%
Hook
90.4%
Nina
88.7%
Peter
88%
Larry
87.5%
Chico
85.1%
Winkyn
77.3%

You're not logged in!

Compare scores with friends on all Sporcle quizzes.
Sign Up with Email
OR
Log In

You Might Also Like...

Show Comments

Extras

Top Quizzes Today


Score Distribution

Your Account Isn't Verified!

In order to create a playlist on Sporcle, you need to verify the email address you used during registration. Go to your Sporcle Settings to finish the process.